书目信息 |
| 题名: |
生死的抉择:基本伦理学与堕胎
|
|
| 作者: | 波伊曼 , 波伊曼 编著 | |
| 分册: | ||
| 出版信息: | 广州 广州出版社 1998.10 |
|
| 页数: | 174页 | |
| 开本: | 32开 | |
| 丛书名: | ||
| 单 册: | ||
| 中图分类: | B82 | |
| 科图分类: | ||
| 主题词: | 伦理学 | |
| 电子资源: | ||
| ISBN: | 7-80592-853-3 | |
| 000 | 00603nam0 2200193 45 | |
| 001 | 0012050929 | |
| 005 | 20080827145149.04 | |
| 010 | @a7-80592-853-3@d11.00元 | |
| 100 | @a20001205d1998 km y0chiy0120 ea | |
| 101 | 0 | @achi |
| 200 | 1 | @a生死的抉择:基本伦理学与堕胎@ASheng Si De Jue Ze:Ji Ben Lun Li Xue Yu Duo Tai@f(美)波伊曼编著;杨植胜等译@F(Mei)Bo Yi Man Bian Zhu;Yang Zhi Sheng Deng Yi |
| 210 | @a广州@c广州出版社@d1998.10 | |
| 215 | @a174页@d32开 | |
| 606 | 0 | @a伦理学 |
| 690 | @aB82@v3 | |
| 701 | 0 | @a波伊曼@4编著 |
| 701 | 0 | @a波伊曼@4编著 |
| 801 | @aCN@c20080827 | |
| 905 | @dB82@eP517@b308631-633@f3 | |
| 生死的抉择:基本伦理学与堕胎/(美)波伊曼编著;杨植胜等译.-广州:广州出版社,1998.10 |
| 174页;32开 |
| ISBN 7-80592-853-3:11.00元 |
| ● |
| 相关链接 |
|
|
|
正题名:生死的抉择:基本伦理学与堕胎
索取号:B82/P517
 
预约/预借
| 序号 | 登录号 | 条形码 | 馆藏地/架位号 | 状态 | 备注 |
| 1 | 308631 | 203086310 | 社科库509/509社科库 20排4列5层/ [索取号:B82/P517] | 在馆 | |
| 2 | 308632 | 203086329 | 社科库509/409社科库 10排2列3层/ [索取号:B82/P517] | 在馆 | |
| 3 | 308633 | 203086338 | 社科库509/409社科库 10排2列3层/ [索取号:B82/P517] | 在馆 | |
| 4 | 714092 | 207140921 | 社科库509/509社科库 20排4列1层/ [索取号:B82/P517] | 在馆 | |
| 5 | 714093 | 207140930 | 社科库509/509社科库 20排4列1层/ [索取号:B82/P517] | 在馆 | |
| 6 | 714094 | 207140949 | 社科库509/422社科库 45排1列4层/ [索取号:B82/P517] | 在馆 |